Sustainable Management OF Water Resources (Record no. 3249)

MARC details
000 -LEADER
fixed length control field 00315nam a22001337a 4500
041 ## - LANGUAGE CODE
Language code of text/sound track or separate title ENG
100 ## - MAIN ENTRY--PERSONAL NAME
Personal name N.C.Patel
245 ## - TITLE STATEMENT
Title Sustainable Management OF Water Resources
260 ## - PUBLICATION, DISTRIBUTION, ETC. (IMPRINT)
Place of publication, distribution, etc New Delhi
Name of publisher, distributor, etc Himanshu Pub
Date of publication, distribution, etc 2005
300 ## - PHYSICAL DESCRIPTION
Extent 348
650 ## - SUBJECT ADDED ENTRY--TOPICAL TERM
Topical term or geographic name as entry element SWCE
700 ## - ADDED ENTRY--PERSONAL NAME
Personal name R .Subbaiah , P.M Chauhan
856 ## - ELECTRONIC LOCATION AND ACCESS
Uniform Resource Identifier SWCE
Holdings
Withdrawn status Lost status Source of classification or shelving scheme Damaged status Not for loan Home library Current library Shelving location Date acquired Total Checkouts Barcode Date last seen Price effective from Koha item type
    Dewey Decimal Classification     College of Agricultural Engineering and Technology, Dapoli , Library College of Agricultural Engineering and Technology, Dapoli , Library Book Cart 02/08/2023   G00279 02/08/2023 02/08/2023 Books

Contact Us: College of Agricultural Engineering and Technology, Dapoli, Dist.- Ratnagiri
Website: https://dbskkv.org Email: caetlibrary2015@gmail.com